|
|
|
|
| LEADER |
00000nam0a2200000 4500 |
| 001 |
34657 |
| 005 |
20231101210241.0 |
| 035 |
|
|
|a (RuTPU)RU\TPU\book\35062
|
| 035 |
|
|
|a BOOK00001713
|
| 090 |
|
|
|a 34657
|
| 100 |
|
|
|a 20011210d1986 m y0rusy50 ca
|
| 101 |
0 |
|
|a rus
|
| 102 |
|
|
|a RU
|
| 105 |
|
|
|a a j 001zy
|
| 200 |
1 |
|
|a Руководство по курсовому проектированию металлорежущих инструментов
|e учебное пособие для вузов
|f Г. Н. Кирсанов, О. Б. Арбузов, Ю. Л. Боровой и др.
|g под ред. Г. Н. Кирсанова
|
| 210 |
|
|
|a Москва
|c Машиностроение
|d 1986
|
| 215 |
|
|
|a 285 с.
|c ил.
|
| 320 |
|
|
|a Библиография: с. 273-275.
|
| 320 |
|
|
|a Предметный указатель: с. 276-282.
|
| 606 |
1 |
|
|a Металлорежущие инструменты
|x Проектирование
|x Курсовое проектирование
|2 stltpush
|3 (RuTPU)RU\TPU\subj\42567
|9 62226
|
| 610 |
1 |
|
|a металлорежущие станки
|
| 610 |
1 |
|
|a режущие инструменты
|
| 610 |
1 |
|
|a конструкции
|
| 610 |
1 |
|
|a автоматизированное производство
|
| 610 |
1 |
|
|a станки с ЧПУ
|
| 610 |
1 |
|
|a детали
|
| 610 |
1 |
|
|a винтовые поверхности
|
| 610 |
1 |
|
|a обработка
|
| 610 |
1 |
|
|a сборные инструменты
|
| 610 |
1 |
|
|a фрезы
|
| 610 |
1 |
|
|a резьбообразующие инструменты
|
| 610 |
1 |
|
|a зуборезные инструменты
|
| 610 |
1 |
|
|a обкаточные инструменты
|
| 610 |
1 |
|
|a протяжки
|
| 610 |
1 |
|
|a отверстия
|
| 610 |
1 |
|
|a абразивные инструменты
|
| 610 |
1 |
|
|a алмазные инструменты
|
| 610 |
1 |
|
|a курсовые проекты
|
| 610 |
1 |
|
|a учебные пособия
|
| 675 |
|
|
|a 621.9.02.001.2(075.8)
|v 3
|
| 701 |
|
1 |
|a Кирсанов
|b Г. Н.
|g Георгий Николаевич
|
| 701 |
|
1 |
|a Арбузов
|b О. Б.
|g Олег Борисович
|
| 701 |
|
1 |
|a Боровой
|b Ю. Л.
|g Юрий Леонидович
|
| 701 |
|
1 |
|a Гречишников
|b В. А.
|g Владимир Андреевич
|
| 701 |
|
1 |
|a Киселев
|b А. С.
|g Александр Семенович
|
| 702 |
|
1 |
|a Кирсанов
|b Г. Н.
|g Георгий Николаевич
|4 340
|
| 801 |
|
0 |
|a RU
|b 63413507
|c 20011210
|g PSBO
|
| 801 |
|
2 |
|a RU
|b 63413507
|c 20230221
|g PSBO
|
| 900 |
|
|
|a Теория резания и режущий инструмент
|a Проектирование режущего инструмента
|
| 942 |
|
|
|c BK
|